| Tag |
First Indicator |
Second Indicator |
Subfields |
| LEADER |
00000cgm a2200000Mi 4500 |
| 001 |
in00005511221 |
| 006 |
m o c |
| 007 |
vz |za||| |
| 007 |
cr |za|||||||| |
| 008 |
190620s2019 enk--- f o vleng d |
| 005 |
20241105202701.6 |
| 035 |
|
|
|a (OCoLC)on1108719300
|
| 040 |
|
|
|a SGPBL
|b eng
|e rda
|e pn
|c SGPBL
|d OCLCF
|d OCLCO
|d AZK
|
| 019 |
|
|
|a 1319449130
|a 1354814678
|
| 020 |
|
|
|a 9781529705942
|q (streaming video)
|
| 020 |
|
|
|a 1529705940
|
| 035 |
|
|
|a (OCoLC)1108719300
|z (OCoLC)1319449130
|z (OCoLC)1354814678
|
| 041 |
0 |
|
|j eng
|
| 050 |
|
4 |
|a HV640
|b .I58 2019
|
| 082 |
0 |
4 |
|a 362.87
|
| 049 |
|
|
|a TXAM
|
| 245 |
0 |
0 |
|a International social work :
|b working with refugees and asylum seekers.
|
| 264 |
|
1 |
|a London :
|b SAGE Publications Ltd,
|c 2019.
|
| 300 |
|
|
|a 1 online resource (1 video file (00:23:05)) :
|b sound, colour
|
| 336 |
|
|
|a two-dimensional moving image
|b tdi
|2 rdacontent
|
| 337 |
|
|
|a computer
|b c
|2 rdamedia
|
| 337 |
|
|
|a video
|b v
|2 rdamedia
|
| 338 |
|
|
|a online resource
|b cr
|2 rdacarrier
|
| 511 |
0 |
|
|a Academic, Mary Fortson-Harwell PhD.
|
| 520 |
8 |
|
|a Mary Fortson-Harwell, PhD, LCSW, UCLA Nathanson Family Resilience Center and Division of Population Behavioral Health, discusses the role of social workers in the resettlement process for refugees and asylum seekers.
|
| 546 |
|
|
|a Closed-captions in English.
|
| 588 |
|
|
|a Description based on XML content.
|
| 650 |
|
0 |
|a Refugees
|x Services for.
|
| 650 |
|
0 |
|a Refugees
|x International cooperation.
|
| 650 |
|
0 |
|a Refugees
|x Social aspects.
|
| 650 |
|
6 |
|a Réfugiés
|x Services.
|
| 650 |
|
6 |
|a Réfugiés
|x Aspect social.
|
| 650 |
|
7 |
|a Refugees
|x International cooperation.
|2 fast
|0 (OCoLC)fst01092820
|
| 650 |
|
7 |
|a Refugees
|x Services for.
|2 fast
|0 (OCoLC)fst01092841
|
| 700 |
1 |
|
|a Fortson-Harwell, Mary,
|e Academic.
|
| 856 |
4 |
0 |
|u http://proxy.library.tamu.edu/login?url=https://sk.sagepub.com/video/international-social-work-working-with-refugees-and-asylum-seekers
|z Connect to this streaming video
|t 0
|
| 955 |
|
|
|a SAGE Knowledge Video Social Work
|
| 994 |
|
|
|a 92
|b TXA
|
| 999 |
f |
f |
|s 025a8449-c87a-4e47-8fb5-bd5fda7cba47
|i aa18f35d-a885-4a10-ba9c-82e1ab316665
|t 0
|
| 952 |
f |
f |
|a Texas A&M University
|b College Station
|c Electronic Resources
|d Available Online
|t 0
|e HV640 .I58 2019
|h Library of Congress classification
|
| 998 |
f |
f |
|a HV640 .I58 2019
|t 0
|l Available Online
|